Adventures in evangelism. (Record no. 11014)

000 -LEADER
fixed length control field 00576nam a2200181 a 4500
001 - CONTROL NUMBER
control field :::00008807$&:&@@
003 - CONTROL NUMBER IDENTIFIER
control field OkBaRHE
005 - DATE AND TIME OF LATEST TRANSACTION
control field 20000607103346.0
008 - FIXED-LENGTH DATA ELEMENTS--GENERAL INFORMATION
fixed length control field s1923 j 000 0 eng u
040 ## - CATALOGING SOURCE
Transcribing agency
100 1# - MAIN ENTRY--PERSONAL NAME
Personal name Thickstun, Edmund.
245 10 - TITLE STATEMENT
Title Adventures in evangelism.
260 ## - PUBLICATION, DISTRIBUTION, ETC. (IMPRINT)
Place of publication, distribution, etc Nashville, TN., :
Name of publisher, distributor, etc Publishing House M. E. Church, South
Date of publication, distribution, etc c1923
300 ## - PHYSICAL DESCRIPTION
Extent 231 p. ;
Dimensions 20 cm.
650 ## - SUBJECT ADDED ENTRY--TOPICAL TERM
Topical term or geographic name as entry element Evangelistic Work
General subdivision Study and Teaching
942 ## - ADDED ENTRY ELEMENTS (KOHA)
Source of classification or shelving scheme
Koha item type Books
Copies
Source of classification or shelving scheme Date last seen Not for loan Barcode Lost status Koha item type Permanent Location Damaged status Full call number Copy number Date acquired Shelving location Withdrawn status Price effective from
 2010-04-14 8807 BooksRHEMA Bible Training College BV 3795 .T4512010-04-14General Stacks 2010-04-14